| 000 | 01506 a2200313 4500 | ||
|---|---|---|---|
| 003 | Nust | ||
| 005 | 20250416122426.0 | ||
| 010 | _a 2010002592 | ||
| 020 | _a9780763778286 (pbk.) | ||
| 020 | _a9780763778491 (hardcover) | ||
| 035 | _a(DNLM)101523200 | ||
| 040 | _cNust | ||
| 082 | 0 | 0 | _a616.025,EME |
| 245 | 0 | 0 | _aEmergency care and transportation of the sick and injured. |
| 250 |
_a2nd ed. / _bAmerican Academy of Orthopaedic Surgeons ; editors, Benjamin Gulli, Joseph A. Ciatolla, Leaugeay Barnes. |
||
| 260 |
_aSudbury, Mass. : _bJones and Bartlett, _cc1977. |
||
| 300 |
_a480p. ; _ccm. |
||
| 505 | _aIntroduction (Page-1), Anatomy, Diagnostic Signs And Triage (Page-17), Basic Life Support (Page-39), The Musculoskeletal System (Page-119), The Heat And Nervous System (Page-181), The Abdomen And Genitourinary System (Page-207), Medical Emergencies (Page-231), Childbirth And Special Pediatric Problems (Page-259), Mental Health Problems (Page-285), Environmental Injuries (Page-301), Communications, Records And Reports (Page-407). | ||
| 650 | 0 |
_aEmergency Medical Services. _9100535 |
|
| 650 | 0 |
_aEmergency Treatment. _9100536 |
|
| 650 | 0 |
_aMedical emergencies. _9100537 |
|
| 650 | 0 |
_aTransport of sick and wounded. _9100538 |
|
| 650 | 0 |
_aTransportation of Patients. _9100539 |
|
| 700 | 1 |
_aBarnes, Leaugeay. _9100540 |
|
| 700 | 1 |
_aCiatolla, Joseph A. _9100541 |
|
| 700 | 1 |
_aGulli, Benjamin. _9100542 |
|
| 710 | 2 |
_aAmerican Academy of Orthopaedic Surgeons. _9100543 |
|
| 942 |
_2ddc _cBK |
||
| 999 |
_c183189 _d183189 |
||